000 00267nam a2200121Ia 4500
008 190216s9999||||xx |||||||||||||| ||und||
100 _aVaranasi S Murthy
245 0 _aManagement Finance
260 _bNull
_c1976
300 _a473p
650 _aCommerce
942 _cBK
999 _c4666
_d4666